Statistics for Lisbon Airport (LIS) Destinations

Click here to take the quiz!

General Stats

  • This quiz has been taken 614 times
    (355 since last reset)
  • The average score is 87 of 142

Answer Stats

CompaniesDestination% Correct
Air Europa | easyJet | Iberia | TAP PortugalMadrid
96%
TAP Portugal | VuelingBarcelona
94%
Air France | easyJetParis-Charles de Gaulle
94%
TAP Portugal | Transavia | VuelingParis-Orly
94%
TAP PortugalPorto
94%
easyJet | TAP PortugalLondon-Gatwick
93%
British Airways | TAP PortugalLondon-Heathrow
93%
easyJet | Wizz AirLondon-Luton
93%
RyanairLondon-Stanstead
93%
Delta Air Lines | TAP PortugalNew York-JFK
93%
easyJet | KLM | TAP Portugal | Transavia | VuelingAmsterdam
91%
Aegean AirlinesAthens
91%
TAP PortugalRio de Janeiro-Galeão
91%
LATAM Brasil | TAP PortugalSão Paulo-Guarulhos
91%
easyJet | Ryanair | TAP PortugalBerlin
89%
Aer Lingus | Ryanair | TAP PortugalDublin
89%
Norwegian | TAP PortugalOslo
89%
RyanairRome-Ciampino
89%
TAP PortugalRome-Fiumicino
89%
Brussels Airlines | Ryanair | TAP PortugalBrussels
87%
Finnair | TAP PortugalHelsinki
87%
Turkish AirlinesIstanbul
87%
TAP PortugalMoscow-Domodedovo
87%
AeroflotMoscow-Sheremetyevo
87%
Lufthansa | TAP PortugalMünich
87%
easyJet | Jet2.com | Ryanair | TAP PortugalManchester
86%
Norwegian | SAS | TAP PortugalStockholm-Arlanda
86%
Air Canada | Air Transat | Azores Airlines | TAP PortugalToronto-Pearson
86%
Lufthansa | TAP PortugalFrankfurt
85%
Swiss | TAP PortugalZürich
85%
Ryanair | TAP Portugal | Wizz AirBudapest
83%
Norwegian | SAS | TAP PortugalCopenhagen
83%
easyJet | TAP Portugal | Wizz AirMilan-Malpensa
83%
Royal Air Maroc | TAP PortugalCasablanca
82%
EmiratesDubai
82%
Air AlgérieAlgiers
80%
Ryanair | TAP Portugal | Wizz AirVienna
80%
Beijing Capital AirlinesBeijing-Daxing
79%
Blue Air | Wizz AirBucharest
79%
easyJet | Swiss | TAP PortugalGeneva
79%
Ryanair | TAP PortugalMarseille
79%
Ryanair | TAP PortugalSeville
79%
Azores Airlines | Delta Air Lines | TAP PortugalBoston
78%
TAP PortugalMiami
78%
easyJet | TAP PortugalNice
78%
Bulgaria Air | Wizz AirSofia
78%
easyJet | TAP Portugal | TransaviaLyon
77%
TAAG Angola | TAP PortugalLuanda
76%
TAP Portugal | United AirlinesWashington-Dulles
76%
Croatia Airlines | TAP PortugalZagreb
76%
TAP PortugalHamburg
75%
Air Canada | Air Transat | TAP PortugalMontréal-Trudeau
75%
Jet2.comBirmingham
74%
TAP PortugalBrasília
74%
Ryanair | TAP Portugal | VuelingValencia
74%
TAP Portugal | Wizz AirWarsaw-Chopin
74%
RyanairWarsaw-Modlin
74%
TAP Portugal | VuelingBilbao
73%
easyJet | RyanairEdinburgh
73%
TAP PortugalFaro
73%
Ryanair | TAP PortugalNaples
73%
Cabo Verde Airlines | TAP PortugalSal
73%
TAP PortugalVenice
73%
airBalticRiga
72%
Air MaltaMalta
71%
Eurowings | RyanairCologne/Bonn
70%
TAP PortugalPrague
70%
Eurowings | TAP PortugalDüsseldorf
69%
Binter Canarias | VuelingTenerife-North
69%
TAP PortugalTenerife-South
69%
TAP PortugalChicago-O'Hare
68%
easyJet | TAP PortugalFunchal
68%
SkyUpKiev-Boryspil
68%
Wizz AirKiev-Zhuliany
68%
easyJet | Ryanair | TAP PortugalBordeaux
67%
Ryanair | TAP PortugalMálaga
67%
TAP PortugalMarrakech
67%
El Al | TAP PortugalTel Aviv
66%
easyJet | Luxair | Ryanair | TAP PortugalLuxembourg
65%
VuelingPalma de Mallorca
65%
TAP Portugal | VuelingIbiza
64%
Ryanair | TAP PortugalToulouse
63%
TAP PortugalBelo Horizonte
61%
easyJetBasel/Mulhouse
60%
RyanairKrakow
58%
Azores Airlines | Ryanair | TAP PortugalPonta Delgada
58%
TAP PortugalFlorence
57%
TAP Portugal | United AirlinesNewark
57%
EurowingsStuttgart
57%
TAP PortugalAlicante
56%
TransaviaRotterdam
56%
Azores Airlines | Cabo Verde Airlines | TAP PortugalPraia
55%
Air Moldova | FlyOne | HiSkyChişinău
54%
Binter Canarias | TAP PortugalGran Canaria
54%
easyJet | TAP Portugal | TransaviaNantes
54%
TAP PortugalRecife
54%
TAP PortugalSan Francisco
54%
TAP PortugalMaputo
53%
TAP PortugalFortaleza
52%
TAP PortugalSantiago de Compostela
51%
TAP PortugalSalvador da Bahia
49%
TAP PortugalBologna
47%
easyJetBristol
46%
TAP PortugalPorto Alegre
46%
TAP PortugalBelém
45%
Ryanair | TransaviaEindhoven
42%
TAP PortugalDakar
41%
TAP PortugalAccra
40%
TAP PortugalNatal
39%
STP Airways | TAP PortugalSão Tomé
39%
TAP PortugalTangier
39%
euroAtlantic Airways | TAP PortugalBissau
37%
TransaviaMontpellier
36%
RyanairZaragoza
36%
TAP PortugalAgadir
34%
TAP PortugalCape Town
34%
TAP PortugalCaracas
34%
Orbest | TAP PortugalCancún
33%
TAP PortugalFuerteventura
33%
Azores Airlines | Ryanair | TAP PortugalTerceira
33%
TAP PortugalAbidjan
29%
Wizz AirDortmund
28%
Beijing Capital AirlinesXi'an
27%
TAP PortugalBoa Vista
25%
RyanairCharleroi
25%
RyanairBergamo
24%
Azul Brazilian AirlinesCampinas
23%
Azores AirlinesHorta
23%
Wizz AirLviv
23%
TAP PortugalPorto Santo
23%
OrbestPunta Cana
22%
TAP PortugalConakry
21%
Azores AirlinesPico Island
21%
HiSkyCluj-Napoca
20%
Azores AirlinesSanta Maria
20%
TAP PortugalMaceió
17%
TAP PortugalBanjul
16%
RyanairBeauvais
16%
TAP PortugalSão Vicente
16%
RyanairMemmingen
9%
OrbestVaradero
9%
Azores AirlinesMadalena
2%

Score Distribution

Percentile by Number Answered

Percent of People with Each Score

Your Score History

You have not taken this quiz since the last reset